駅名に「保」が含まれる駅 - Statistics

General Stats
  • This quiz has been taken 115 times
  • The average score is 11 of 49
Answer Stats
Hint Answer % Correct
東京都 保谷
64%
神奈川県 保土ケ谷
56%
千葉県 保田
55%
福井県 保田
55%
秋田県 大久保
49%
東京都 大久保
49%
京都府 大久保
49%
兵庫県 大久保
49%
東京都 新大久保
47%
東京都 谷保
42%
秋田県 久保田
37%
佐賀県 久保田
37%
長崎県 佐世保
32%
東京都 神保町
29%
長崎県 佐世保中央
26%
千葉県 京成大久保
23%
福島県 保原
22%
埼玉県 神保原
22%
東京都 程久保
22%
長崎県 中佐世保
21%
沖縄県 儀保
21%
長崎県 北佐世保
19%
三重県 保々
17%
京都府 保津峡
17%
島根県 三保三隅
15%
新潟県 保内
14%
兵庫県 英賀保
14%
兵庫県 伊保
14%
北海道 別保
13%
千葉県 上総大久保
13%
千葉県 上総久保
13%
山口県 周防久保
13%
山口県 厚保
13%
福岡県 大保
12%
埼玉県 芦ヶ久保
10%
福井県 越前新保
10%
山口県 仁保
10%
佐賀県 肥前久保
10%
秋田県 仁賀保
9%
愛知県 保見
9%
京都府 トロッコ保津峡
9%
福島県 上保原
8%
福井県 王子保
8%
石川県 笠師保
5%
静岡県 沼久保
5%
長野県 七久保
4%
愛知県 牛久保
4%
山口県 仁保津
4%
岐阜県 打保
3%
No matching quizzes found
Score Distribution
Percent of People with Each Score
Percentile by Number Answered
Your Score History
You have not taken this quiz